| 000 | 00738nam a2200217 i 4500 | ||
|---|---|---|---|
| 001 | 145205 | ||
| 003 | ES-MaACL | ||
| 005 | 20250928101406.0 | ||
| 007 | t| | ||
| 008 | 070214s1982 sp r ||||1| spa d | ||
| 100 | 1 |
_aSopeña Ibáñez, Federico, _d1917-1991 _9107321 |
|
| 245 | 1 | 0 |
_aPilar Bayona / _cFederico Sopeña Ibáñez. |
| 260 |
_aZaragoza : _bInstitución Fernando el Católico, _c1982 ( _fGráf. La Editorial) |
||
| 300 |
_a172 p., 32 lám. ; _c22 cm. |
||
| 490 | 1 |
_aTemas aragoneses ; _v43 |
|
| 600 | 1 | 7 |
_aBayona, Pilar, _d1947- _2 _9168812 |
| 710 | 2 |
_aInstitución "Fernando el Católico" _94721 |
|
| 830 | 0 |
_aTemas aragoneses ; _v43 _9187111 |
|
| 852 |
_aES-MaACL _jL-3664 _bR.104673 |
||
| 999 |
_c145205 _d145205 |
||